00476 2200193 4500001002100000008004100021035002000062245002600082250001700108260003300125300002000158020002200178084001900200082001300219650002600232990000800258990000800266990000800274INLIS000000000000312 ind  a0010-0425000312 aSATU ORANG SATU POHON aCetakan ke-2 aDepok :bCV Arya Duta,c2019 a84 hlm.c25 cm. a978-979-094-749-8 a635.9.86 RIZ s a635.9.86 aRizky Utami Handayani a681 a682 a683